Countries that Visit Greece the Most - Statistics

General Stats
  • This quiz has been taken 1,245 times
  • The average score is 8 of 10
Answer Stats
Rank Country # of visitors % Correct
3 United Kingdom 2,397,169
97%
9 United States 750,250
97%
6 Italy 1,355,327
95%
5 France 1,522,100
94%
2 Germany 2,810,350
93%
7 Turkey 1,153,046
91%
4 Bulgaria 1,900,642
78%
10 Serbia 727,831
71%
8 Poland 754,402
67%
1 Macedonia 3,023,059
50%
No matching quizzes found
Score Distribution
Percent of People with Each Score
Percentile by Number Answered
Your Score History
You have not taken this quiz